000 00704nam a22002417a 4500
003 UA-OsUOA
001 29059
007 ta
008 20050524b un ||||| |||| 00| 0 ukr d
100 _aКутаков Л. Н.
090 _a327
_bК95
942 _cBK
040 _aUA-OsUOA
_brus
_cUA-OsUOA
_dUA-OsUOA
245 _aИстория международных отношений и внешний политики СССР (1917-1972)
_bПособие для учителей. Факультативный курс
300 _a269 с.
955 _a0
041 _arus
080 _a327
260 _aМ.
_bПросвещение
_c1975
044 _aRU
650 7 _2UDC
999 _c315436
_d315436